[Event "Lucerne"]
[Site "?"]
[Date "1977.??.??"]
[Round "4"]
[White "Mecking, Henrique"]
[Black "Polugaevsky, Lev A"]
[Result "1/2-1/2"]
[WhiteElo "2635"]
[BlackElo "2620"]
[PlyCount "47"]
[EventDate "1977.??.??"]
[Source "www.chesslib.no"]
[SourceDate "2004.05.04"]

1. e4 c6 2. d4 d5 3. exd5 cxd5 4. c4 Nf6 5. Nc3 e6 6. Nf3 Bb4 7. Bd3 dxc4 8. Bxc4 O-O 9. O-O b6 10. Re1 Bb7 11. Bd3 Nc6 12. a3 Be7 13. Bc2 Re8 14. Qd3 g6 15. Bf4 Rc8 16. Rad1 Na5 17. Ne5 Nd5 18. Bd2 Nxc3 19. Bxc3 Bd5 20. Ba4 Rf8 21. Nd7 Re8 22. Ne5 Rf8 23. Nd7 Re8 24. Ne5 1/2-1/2

[Event "RUS-chT"]
[Site "Tomsk"]
[Date "2001.05.20"]
[Round "7"]
[White "Landa, Konstantin"]
[Black "Kortschnoj, Viktor"]
[Result "1/2-1/2"]
[WhiteElo "2610"]
[BlackElo "2643"]
[PlyCount "39"]
[EventDate "2001.05.13"]
[Source "ChessBase"]
[SourceDate "2001.07.03"]

1. Nf3 d5 2. d4 e6 3. c4 dxc4 4. e3 Nf6 5. Bxc4 c5 6. O-O Nc6 7. a3 cxd4 8. exd4 Be7 9. Nc3 O-O 10. Re1 Qd6 11. Bg5 h6 12. Bh4 Qd8 13. Ba2 Nh5 14. Bxe7 Nxe7 15. Qd3 Nf6 16. Ne5 Bd7 17. Rad1 Bc6 18. Bb1 Re8 19. h3 Kf8 20. Nxc6 1/2-1/2

[Event "Nussloch"]
[Site "Nussloch"]
[Date "1996.??.??"]
[Round "9"]
[White "Jussupow, Artur"]
[Black "Lobron, Eric"]
[Result "1-0"]
[WhiteElo "2655"]
[BlackElo "2590"]
[PlyCount "55"]
[EventDate "1996.05.??"]
[Source "ChessBase"]

1. d4 Nf6 2. c4 e6 3. Nc3 Bb4 4. e3 O-O 5. Bd3 d5 6. Nf3 c5 7. O-O cxd4 8. exd4 dxc4 9. Bxc4 b6 10. Re1 Bb7 11. Bd3 Nc6 12. a3 Be7 13. Bc2 Re8 14. Qd3 g6 15. h4 Qd6 16. Bg5 Rad8 17. Rad1 Qb8 18. Bb3 a6 19. d5 Na5 20. dxe6 Nxb3 21. exf7+ Kxf7 22. Qc4+ Kg7 23. Ne5 Ng8 24. Rxd8 Qxd8 25. Qf7+ Kh8 26. Qxb3 Qd4 27. Re3 Rf8 28. Bxe7 1-0

[Event "Bled SLO"]
[Site "?"]
[Date "2002.10.31"]
[Round "6"]
[White "Alexandrov Alexei BLR"]
[Black "Andersson Ulf SWE"]
[Result "1-0"]
[WhiteElo "2621"]
[BlackElo "2599"]
[PlyCount "117"]
[EventDate "2002.??.??"]
[Source "www.chesslib.no"]
[SourceDate "2004.05.04"]

1. d4 Nf6 2. c4 e6 3. Nc3 Bb4 4. e3 c5 5. Bd3 Nc6 6. Nf3 d5 7. O-O dxc4 8. Bxc4 O-O 9. a3 cxd4 10. axb4 dxc3 11. bxc3 Qc7 12. Qb3 b6 13. Bb2 Bb7 14. Be2 a5 15. Rfc1 e5 16. Qc4 Qb8 17. b5 Ne7 18. Ba3 Re8 19. Rd1 Bd5 20. Qa4 Ng6 21. c4 Bb7 22. c5 bxc5 23. Rac1 e4 24. Nd2 Ne5 25. Rxc5 Nd3 26. Rg5 h6 27. Rg3 Qc7 28. Bxd3 exd3 29. Bb2 Re6 30. Rc1 Qe7 31. Qf4 Qd6 32. Qxd6 Rxd6 33. f3 Rc8 34. Rxc8+ Bxc8 35. Be5 Re6 36. f4 Bb7 37. Kf2 a4 38. Bb2 Nh5 39. Rh3 Nxf4 40. Rg3 Nh5 41. Rg4 Rb6 42. Rb4 Nf6 43. Bd4 Re6 44. h3 a3 45. Ra4 Ne4+ 46. Nxe4 Bxe4 47. Rxa3 Rg6 48. g3 Rg5 49. b6 Rf5+ 50. Ke1 Rb5 51. Kd2 Rb1 52. g4 Rg1 53. Rxd3 Bxd3 54. Kxd3 Rb1 55. Kc2 Rb5 56. Kc3 Kf8 57. Kc4 Rb1 58. Kd5 Ke7 59. Ke4 1-0

[Event "Dortmund"]
[Site "Dortmund"]
[Date "1997.07.10"]
[Round "6"]
[White "Jussupow, Artur"]
[Black "Huebner, Robert"]
[Result "1/2-1/2"]
[WhiteElo "2640"]
[BlackElo "2580"]
[PlyCount "39"]
[EventDate "1997.07.04"]
[Source "ChessBase"]
[SourceDate "1997.10.13"]

1. d4 Nf6 2. c4 e6 3. Nc3 Bb4 4. e3 O-O 5. Bd3 d5 6. Nf3 c5 7. O-O dxc4 8. Bxc4 cxd4 9. exd4 b6 10. Re1 Bb7 11. Bd3 Nc6 12. a3 Be7 13. Bc2 Qd6 14. Qd3 g6 15. Bg5 Rfd8 16. Rad1 Nh5 17. Bc1 Bf8 18. Bg5 Be7 19. Bc1 Bf8 20. Bg5 1/2-1/2

[Event "Clarin"]
[Site "Buenos Aires"]
[Date "1979.??.??"]
[Round "12"]
[White "Spassky, Boris V"]
[Black "Panno, Oscar"]
[Result "1/2-1/2"]
[WhiteElo "2640"]
[BlackElo "2545"]
[PlyCount "29"]
[EventDate "1979.11.??"]
[Source "ChessBase"]

1. d4 Nf6 2. c4 e6 3. Nc3 Bb4 4. e3 c5 5. Bd3 O-O 6. Nf3 d5 7. O-O cxd4 8. exd4 dxc4 9. Bxc4 b6 10. Re1 Bb7 11. Bd3 Nc6 12. a3 Be7 13. Bc2 Rc8 14. Qd3 g6 15. Bf4 1/2-1/2

[Event "Mosca"]
[Site "Mosca"]
[Date "1974.??.??"]
[Round "85"]
[White "Petrosian, Tigran V"]
[Black "Balashov, Yuri S"]
[Result "1-0"]
[WhiteElo "2640"]
[BlackElo "2540"]
[PlyCount "57"]
[EventDate "1974.??.??"]
[Source "www.chesslib.no"]
[SourceDate "2004.05.04"]

1. c4 Nf6 2. Nc3 e6 3. d4 Bb4 4. e3 c5 5. Bd3 d5 6. Nf3 O-O 7. O-O dxc4 8. Bxc4 Nc6 9. Bd3 cxd4 10. exd4 Be7 11. Re1 b6 12. a3 Bb7 13. Bc2 Rc8 14. Qd3 Re8 15. d5 exd5 16. Bg5 Ne4 17. Nxe4 dxe4 18. Qxe4 g6 19. Qh4 Qc7 20. Bb3 h5 21. Qe4 Kg7 22. Bxf7 Kxf7 23. Bh6 Qd6 24. Qc4+ Kf6 25. Rad1 Nd4 26. Qxd4+ Qxd4 27. Rxd4 Rc5 28. h4 Bxf3 29. gxf3 1-0

[Event "Lone Pine op"]
[Site "Lone Pine"]
[Date "1979.??.??"]
[Round "9"]
[White "Kaplan, Julio P"]
[Black "Kortschnoj, Viktor"]
[Result "1/2-1/2"]
[WhiteElo "2460"]
[BlackElo "2695"]
[PlyCount "93"]
[EventDate "1979.03.??"]
[Source "ChessBase"]

1. d4 Nf6 2. c4 e6 3. Nc3 Bb4 4. e3 O-O 5. Bd3 c5 6. Nf3 d5 7. O-O Nc6 8. a3 cxd4 9. exd4 Bxc3 10. bxc3 dxc4 11. Bxc4 Qa5 12. Qb3 Qf5 13. Qb5 Qxb5 14. Bxb5 Bd7 15. a4 Rfc8 16. Bg5 Ne4 17. Rfc1 Nxg5 18. Nxg5 Rc7 19. Rab1 Na5 20. Ne4 b6 21. Kf1 Bc6 22. Bxc6 Rxc6 23. Ke2 Rd8 24. Nd2 Kf8 25. f4 f6 26. Kd3 Ke7 27. Re1 Kf7 28. Rec1 Rd7 29. Rc2 Nb7 30. Nb3 Nc5+ 31. Nxc5 bxc5 32. Rcb2 cxd4 33. cxd4 Rcd6 34. Rb4 a5 35. Rc4 e5 36. fxe5 fxe5 37. Rb5 Rxd4+ 38. Rxd4 Rxd4+ 39. Ke3 Rxa4 40. Rxe5 Kf6 41. Rb5 Rg4 42. Rxa5 Rxg2 43. Rh5 Kg6 44. Rh4 Rg5 45. Kf3 Rh5 46. Rg4+ Kh6 47. h4 1/2-1/2

[Event "Graz"]
[Site "?"]
[Date "2006.11.05"]
[Round "3"]
[White "Gyimesi Zoltan"]
[Black "Sprenger Jan Michael"]
[Result "1/2-1/2"]
[WhiteElo "2616"]
[BlackElo "2525"]
[PlyCount "44"]
[EventDate "2006.??.??"]
[Source "www.chesslib.no"]
[SourceDate "2004.05.04"]

1. d4 d5 2. c4 dxc4 3. Nf3 Nf6 4. e3 e6 5. Bxc4 c5 6. O-O Nc6 7. Nc3 cxd4 8. exd4 Be7 9. Bg5 O-O 10. a3 b6 11. Qd3 Bb7 12. Rad1 h6 13. Bf4 Bd6 14. Bg3 Ne7 15. Ne5 Rc8 16. Rfe1 Nfd5 17. Ba2 Bxe5 18. Bxe5 Nxc3 19. bxc3 Ng6 20. Bg3 Qg5 21. f3 Rfd8 22. c4 Ba6 1/2-1/2

[Event "AUT-chT 0001"]
[Site "Austria"]
[Date "2001.01.21"]
[Round "8"]
[White "Stohl, Igor"]
[Black "Bauer, Christian"]
[Result "1/2-1/2"]
[WhiteElo "2578"]
[BlackElo "2562"]
[PlyCount "23"]
[EventDate "2000.10.??"]
[Source "ChessBase"]
[SourceDate "2001.05.06"]

1. Nf3 d5 2. d4 Nf6 3. c4 dxc4 4. e3 e6 5. Bxc4 c5 6. O-O cxd4 7. exd4 Be7 8. Nc3 O-O 9. Re1 Nc6 10. a3 a6 11. Ba2 Nd5 12. Nxd5 1/2-1/2

[Event "Cuxhaven Open"]
[Site "Cuxhaven"]
[Date "1993.??.??"]
[Round "9"]
[White "Eingorn, Vereslav S"]
[Black "Giorgadze, Giorgi"]
[Result "1/2-1/2"]
[WhiteElo "2580"]
[BlackElo "2555"]
[PlyCount "62"]
[EventDate "1993.03.??"]
[Source "www.chesslib.no"]
[SourceDate "2004.05.04"]

1. d4 Nf6 2. c4 e6 3. Nf3 d5 4. Nc3 Bb4 5. e3 O-O 6. Be2 c5 7. O-O cxd4 8. exd4 dxc4 9. Bg5 Nc6 10. Bxc4 Be7 11. a3 b6 12. Qd3 Bb7 13. Rad1 Nd5 14. Bxd5 Bxg5 15. Be4 g6 16. d5 exd5 17. Qxd5 Bf6 18. Qd7 Qc8 19. Nb5 Na5 20. Bxb7 Qxb7 21. Qxb7 Nxb7 22. b4 a5 23. Rd7 Rab8 24. g3 Nd8 25. Nfd4 axb4 26. axb4 Rc8 27. Nd6 Ra8 28. Rd1 Ra4 29. Ne4 Bg7 30. Rb1 Bxd4 31. Rxd4 Nc6 1/2-1/2

[Event "Bled opB"]
[Site "Bled"]
[Date "1998.07.22"]
[Round "7"]
[White "Baciu Otilia"]
[Black "Gilbert, Jon"]
[Result "1/2-1/2"]
[WhiteElo "2590"]
[BlackElo "2540"]
[PlyCount "72"]
[EventDate "1998.03.21"]
[Source "www.chesslib.no"]
[SourceDate "2004.05.04"]

1. d4 d5 2. c4 dxc4 3. e3 e6 4. Bxc4 c5 5. Nf3 Nf6 6. O-O cxd4 7. exd4 Nc6 8. Nc3 Be7 9. a3 O-O 10. Re1 b6 11. d5 Na5 12. Ba2 exd5 13. Nxd5 Nxd5 14. Qxd5 Be6 15. Qxd8 Raxd8 16. Bf4 Bxa2 17. Rxe7 Nc6 18. Rc7 Bd5 19. Ne5 Nxe5 20. Bxe5 f6 21. Bc3 Rf7 22. Rxf7 Kxf7 23. Rd1 Rd7 24. f3 Bc6 25. Rxd7+ Bxd7 26. Kf2 Ke6 27. Ke3 Kd5 28. g4 Be8 29. h4 h5 30. Bb4 g6 31. Kf4 Ke6 32. Bc3 Ba4 33. Bd4 Bd1 34. Bc3 Ba4 35. Bd4 Bd1 36. Bc3 Ba4 1/2-1/2

[Event "Tel Aviv super 1st"]
[Site "Tel Aviv"]
[Date "1999.05.18"]
[Round "8"]
[White "Huzman, Alexander"]
[Black "Zilberman, Yaacov"]
[Result "1/2-1/2"]
[WhiteElo "2575"]
[BlackElo "2513"]
[PlyCount "45"]
[EventDate "1999.05.??"]
[Source "ChessBase"]
[SourceDate "1999.08.01"]

1. d4 d5 2. c4 dxc4 3. e3 Nf6 4. Bxc4 e6 5. Nf3 c5 6. O-O Nc6 7. Nc3 cxd4 8. exd4 Be7 9. a3 O-O 10. Re1 Bd7 11. Ba2 Rc8 12. Qd3 Qa5 13. Bg5 Rfd8 14. d5 exd5 15. Nxd5 Nxd5 16. Qxd5 Qxd5 17. Bxd5 Bxg5 18. Nxg5 Rf8 19. Rad1 Bf5 20. b4 h6 21. Nf3 Bc2 22. Rc1 Ba4 23. h3 1/2-1/2

[Event "Gausdal Int"]
[Site "Gausdal NOR"]
[Date "1994.??.??"]
[Round "8"]
[White "Davies, Nigel R"]
[Black "Sadler, Matthew"]
[Result "1/2-1/2"]
[WhiteElo "2525"]
[BlackElo "2560"]
[PlyCount "40"]
[EventDate "1994.07.??"]
[Source "www.chesslib.no"]
[SourceDate "2004.05.04"]

1. d4 d5 2. Nf3 Nf6 3. c4 dxc4 4. e3 e6 5. Bxc4 c5 6. O-O Nc6 7. a3 cxd4 8. exd4 Be7 9. Nc3 O-O 10. Re1 a6 11. Bb3 Qd6 12. d5 exd5 13. Nxd5 Nxd5 14. Qxd5 Qxd5 15. Bxd5 Bf6 16. Rb1 Bf5 17. Be4 Bxe4 18. Rxe4 Rfe8 19. Rxe8+ Rxe8 20. Kf1 Nd4 1/2-1/2

[Event "Mar del Plata"]
[Site "Mar del Plata"]
[Date "1971.??.??"]
[Round "2"]
[White "Najdorf, Miguel"]
[Black "Gheorghiu, Florin"]
[Result "1/2-1/2"]
[WhiteElo "2530"]
[BlackElo "2530"]
[PlyCount "32"]
[EventDate "1971.03.??"]
[Source "ChessBase"]

1. d4 Nf6 2. c4 e6 3. Nc3 Bb4 4. e3 c5 5. Bd3 O-O 6. Nf3 d5 7. O-O dxc4 8. Bxc4 Nc6 9. Bd3 cxd4 10. exd4 Be7 11. a3 b6 12. Re1 Bb7 13. Bc2 Rc8 14. Qd3 g6 15. Bh6 Re8 16. Rad1 Nd5 1/2-1/2

[Event "Mind Sports Games - Rapid Team"]
[Site "Pechino CINA"]
[Date "2008.10.16"]
[Round "9"]
[White "Steingrimsson, H."]
[Black "Gonzalez Garcia, J2."]
[Result "1-0"]
[WhiteElo "2540"]
[BlackElo "2508"]
[PlyCount "50"]
[EventDate "2008.10.14"]
[Source "www.chesslib.no"]
[SourceDate "2004.05.04"]

1. d4 d5 2. c4 dxc4 3. Nf3 Nf6 4. e3 e6 5. Bxc4 c5 6. O-O Nc6 7. Nc3 Be7 8. a3 cxd4 9. exd4 O-O 10. Re1 a6 11. Ba2 Bd7 12. Bf4 Rc8 13. Rc1 Re8 14. Ne5 g6 15. Bg5 Nxe5 16. dxe5 Nh5 17. Bxe7 Qxe7 18. Ne4 Bc6 19. Nd6 Rcd8 20. Qg4 Rf8 21. Rcd1 Ng7 22. Rd2 Nf5 23. Red1 Rd7 24. Qf4 Qh4 25. Qxh4 Nxh4 1-0

[Event "NRW-Cup Masters op"]
[Site "Muenster"]
[Date "1997.10.13"]
[Round "5"]
[White "Khenkin, Igor"]
[Black "Bagirov, Vladimir"]
[Result "1-0"]
[WhiteElo "2550"]
[BlackElo "2495"]
[PlyCount "57"]
[EventDate "1997.10.??"]
[Source "ChessBase"]
[SourceDate "1997.11.24"]

1. d4 Nf6 2. c4 e6 3. Nf3 d5 4. Nc3 c5 5. e3 Nc6 6. cxd5 Nxd5 7. Bc4 cxd4 8. exd4 Nf6 9. O-O Be7 10. Re1 O-O 11. a3 a6 12. Ba2 b5 13. d5 exd5 14. Nxd5 Nxd5 15. Qxd5 Bb7 16. Qh5 Qd6 17. Bg5 Rad8 18. Bxe7 Nxe7 19. Ng5 Qg6 20. Qxg6 Nxg6 21. Nxf7 Rd2 22. Red1 Rxb2 23. Nd6+ Kh8 24. Nxb7 Rfxf2 25. Rd8+ Nf8 26. Bd5 g5 27. Nc5 Rbd2 28. Ne6 Rf5 29. Rf1 1-0

[Event "Europa ch 2008"]
[Site "Plovdiv BUL"]
[Date "2008.04.23"]
[Round "3.116"]
[White "Collas, Didier"]
[Black "Atalik, Suat"]
[Result "1/2-1/2"]
[WhiteElo "2446"]
[BlackElo "2592"]
[PlyCount "98"]
[EventDate "2008.04.21"]
[Source "www.chesslib.no"]
[SourceDate "2004.05.04"]

1. Nf3 d5 2. d4 Nf6 3. c4 dxc4 4. e3 e6 5. Bxc4 c5 6. O-O Nc6 7. a3 cxd4 8. exd4 Be7 9. Nc3 O-O 10. Re1 Bd7 11. Bg5 h6 12. Bh4 Rc8 13. Qd3 Nh5 14. Bg3 Nxg3 15. hxg3 Bf6 16. Ne4 Na5 17. Ba2 a6 18. Nxf6+ Qxf6 19. Ne5 Ba4 20. d5 Rfd8 21. b4 Nc6 22. Ng4 Qg5 23. Ne3 Ne7 24. d6 Bb5 25. Qd4 Rd7 26. Rad1 Nc6 27. Qc5 Qd8 28. f4 b6 29. Qh5 Ba4 30. Rc1 Rxd6 31. f5 Rd2 32. fxe6 Rxa2 33. Qxf7+ Kh7 34. e7 Qg8 35. Qxg8+ Rxg8 36. Nd5 Nd4 37. Nc3 Rd2 38. Nxa4 Ne2+ 39. Kh2 Nxc1 40. e8=Q Rxe8 41. Rxe8 Rd6 42. Ra8 a5 43. bxa5 bxa5 44. Rxa5 Nd3 45. Rf5 Ra6 46. Nc3 Rxa3 47. Ne4 Ra2 48. Rd5 Nf2 49. Nxf2 Rxf2 1/2-1/2

[Event "New York op"]
[Site "New York"]
[Date "1988.??.??"]
[Round "?"]
[White "Djuric, Stefan"]
[Black "Dlugy, Maxim"]
[Result "1/2-1/2"]
[WhiteElo "2475"]
[BlackElo "2550"]
[PlyCount "26"]
[EventDate "1988.03.??"]
[Source "ChessBase"]

1. c4 c5 2. Nf3 Nf6 3. Nc3 e6 4. d4 d5 5. cxd5 Nxd5 6. e3 Nc6 7. Bc4 cxd4 8. exd4 Be7 9. O-O O-O 10. Re1 Nf6 11. a3 a6 12. Ba2 Qd6 13. Bg5 Rd8 1/2-1/2

[Event "Le Havre"]
[Site "Le Havre"]
[Date "1977.??.??"]
[Round "8"]
[White "Tatai, Stefano"]
[Black "Gheorghiu, Florin"]
[Result "1/2-1/2"]
[WhiteElo "2480"]
[BlackElo "2545"]
[PlyCount "44"]
[EventDate "1977.??.??"]
[Source "www.chesslib.no"]
[SourceDate "2004.05.04"]

1. d4 Nf6 2. c4 e6 3. Nc3 Bb4 4. e3 c5 5. Bd3 O-O 6. Nf3 d5 7. O-O dxc4 8. Bxc4 cxd4 9. exd4 b6 10. Re1 Bb7 11. Bd3 Nc6 12. a3 Be7 13. Bc2 Re8 14. Qd3 g6 15. Bf4 Rc8 16. Rad1 Na5 17. Ne5 Nd5 18. Bd2 Nxc3 19. Bxc3 Bd5 20. Ba4 Rf8 21. Nd7 Re8 22. Ne5 Rf8 1/2-1/2

[Event "Baile Herculane zt"]
[Site "Baile Herculane"]
[Date "1982.??.??"]
[Round "5"]
[White "Suba, Mihai"]
[Black "Pinter, Jozsef"]
[Result "1-0"]
[WhiteElo "2500"]
[BlackElo "2520"]
[PlyCount "169"]
[EventDate "1982.01.??"]
[Source "ChessBase"]

1. c4 Nf6 2. Nf3 c5 3. Nc3 e6 4. e3 Nc6 5. d4 d5 6. cxd5 Nxd5 7. Bd3 Be7 8. O-O O-O 9. Re1 b6 10. a3 Bb7 11. Ne4 cxd4 12. exd4 Nf6 13. Nc3 Rc8 14. Bb1 Na5 15. Ne5 Nc4 16. Bd3 Nd6 17. Qc2 Re8 18. Bg5 g6 19. Bh6 Nd5 20. Qd2 Nf5 21. Nxd5 Bxd5 22. Bb5 Nxh6 23. Bxe8 Bg5 24. f4 Bh4 25. g3 Qxe8 26. gxh4 Qd8 27. Rac1 Rxc1 28. Rxc1 Bb7 29. d5 Bxd5 30. Qc3 Qxh4 31. Qg3 Qh5 32. Rc8+ Kg7 33. Qc3 Qd1+ 34. Kf2 Ng8 35. Ng4+ f6 36. Qc7+ Kh8 37. Rxg8+ Kxg8 38. Nxf6+ Kf8 39. Nxh7+ Kg8 40. Nf6+ Kf8 41. Nxd5 Qxd5 42. Qb8+ Kg7 43. Qxa7+ Kh6 44. Qxb6 Qd2+ 45. Kf3 Qxh2 46. Qd4 Qh1+ 47. Ke2 Kh7 48. a4 Qc6 49. Kf2 Qc2+ 50. Kg3 Qb3+ 51. Kh4 Qc2 52. Kg3 Qb3+ 53. Kf2 Qc2+ 54. Ke3 Kg8 55. a5 Qc1+ 56. Kf2 Qc2+ 57. Kg3 Qb3+ 58. Qc3 Qd1 59. Qe3 Qd6 60. Qe4 Kf7 61. b4 g5 62. Qc4 Kg6 63. a6 gxf4+ 64. Kf3 e5 65. Qe4+ Kf6 66. a7 Qd1+ 67. Kf2 Qd2+ 68. Kg1 Qd1+ 69. Kg2 Qd2+ 70. Kh1 Qd1+ 71. Kh2 Qh5+ 72. Kg2 Qg4+ 73. Kf2 Qh4+ 74. Ke2 Qh2+ 75. Kd3 Qh3+ 76. Kc2 Qh2+ 77. Kb3 Qh3+ 78. Kb2 Qh2+ 79. Qc2 Qh1 80. b5 Kg5 81. Qc6 Qh2+ 82. Kb3 Qh3+ 83. Kb4 Qh2 84. a8=Q Qb2+ 85. Ka5 1-0

[Event "CRO-chT"]
[Site "Pula"]
[Date "2001.09.11"]
[Round "2"]
[White "Sermek, Drazen"]
[Black "Bukal, Vladimir Sr"]
[Result "1-0"]
[WhiteElo "2579"]
[BlackElo "2441"]
[PlyCount "158"]
[EventDate "2001.09.10"]
[Source "ChessBase"]
[SourceDate "2001.10.26"]

1. e4 c5 2. Nf3 e6 3. c3 Nc6 4. d4 cxd4 5. cxd4 d5 6. Nc3 dxe4 7. Nxe4 Bb4+ 8. Nc3 Nf6 9. Bd3 O-O 10. O-O Be7 11. a3 b6 12. Re1 Bb7 13. Bc2 Rc8 14. Qd3 Re8 15. d5 exd5 16. Bg5 Ne4 17. Nxe4 dxe4 18. Qxe4 g6 19. Rad1 Qc7 20. Bb3 Bxg5 21. Qxe8+ Rxe8 22. Rxe8+ Kg7 23. Nxg5 Ne5 24. Red8 Bc6 25. R8d4 Qe7 26. Ne4 h5 27. h3 f5 28. Nd2 Qf6 29. Bd5 Bb5 30. Nf3 Be2 31. R1d2 Bxf3 32. Bxf3 Nxf3+ 33. gxf3 Kh6 34. f4 Qc6 35. a4 a6 36. b3 h4 37. R2d3 Qc1+ 38. Kg2 Qc6+ 39. Rd5 Kh5 40. Kh2 Qc2 41. Rd2 Qxb3 42. Rd8 Kh6 43. R2d7 Qb2 44. Kg2 Qc3 45. Re7 Qc6+ 46. Kh2 Qf6 47. Rdd7 Qh8 48. Rb7 Qg8 49. Rec7 Qh8 50. Kg1 b5 51. a5 Qa1+ 52. Kg2 Qh8 53. Kf3 Qg8 54. Ke3 Qb3+ 55. Ke2 Qb2+ 56. Kf3 Qb3+ 57. Kg2 Qd5+ 58. Kg1 Qg8 59. Rb6 Qd5 60. Rcc6 Qd7 61. Kg2 Qd5+ 62. Kh2 Qf3 63. Rxg6+ Kh7 64. Kg1 Qxf4 65. Rgc6 Qg5+ 66. Kf1 Qg7 67. Rxa6 Qa1+ 68. Kg2 Qg7+ 69. Rg6 Qb7+ 70. Rac6 b4 71. a6 Qa8 72. Rgd6 b3 73. Rd7+ Kh8 74. Rb7 Qe8 75. Rh6+ Kg8 76. Rxb3 Qe4+ 77. Rf3 Kg7 78. Rh5 Qc6 79. Rg5+ Kh6 1-0

[Event "Open"]
[Site "Kavala GRE"]
[Date "2007.08.11"]
[Round "8"]
[White "Graf, A."]
[Black "Morchiashvili, B."]
[Result "1/2-1/2"]
[WhiteElo "2595"]
[BlackElo "2415"]
[PlyCount "156"]
[EventDate "2007.08.05"]
[Source "www.chesslib.no"]
[SourceDate "2004.05.04"]

1. d4 Nf6 2. c4 e6 3. Nc3 Bb4 4. e3 O-O 5. Bd3 d5 6. Nf3 c5 7. O-O cxd4 8. exd4 dxc4 9. Bxc4 b6 10. Re1 Bb7 11. Bd3 Nc6 12. a3 Be7 13. Bc2 Qc7 14. Qd3 Rfd8 15. Bg5 g6 16. h3 Rac8 17. Rad1 Nd5 18. Nxd5 Rxd5 19. Qe3 Bxg5 20. Nxg5 Nxd4 21. Rxd4 Rxd4 22. Qxd4 Qxc2 23. Nxf7 Kxf7 24. Qd7+ Kf8 25. Qxb7 Qc7 26. Qe4 Re8 27. Qe3 Kg8 28. b4 Qd7 29. Qe5 Qg7 30. Qb5 Qf7 31. Rc1 Rf8 32. Qe2 Qd7 33. Rd1 Qe7 34. Rd4 Qf6 35. Qe3 Kg7 36. a4 Rd8 37. Rc4 Rd7 38. Kh2 Rf7 39. Kg3 Qf5 40. Re4 Rd7 41. f3 Re7 42. a5 bxa5 43. Re5 Qf8 44. bxa5 Qb8 45. f4 Qd6 46. Qc3 Kf7 47. Rc5 Rd7 48. Rc6 Qd3+ 49. Qxd3 Rxd3+ 50. Kf2 Rd7 51. Ke3 h5 52. g4 hxg4 53. hxg4 g5 54. fxg5 Rd5 55. Ra6 Rxg5 56. Kf4 Rb5 57. Rxa7+ Kf6 58. a6 Rb4+ 59. Kg3 Ra4 60. Ra8 Kg7 61. Kf3 e5 62. g5 Kh7 63. Ke3 Kg7 64. Kd3 Kh7 65. Kc3 e4 66. Kb3 Ra1 67. Kc4 e3 68. Kd3 Ra3+ 69. Ke2 Kg7 70. Kf3 Kh7 71. a7 Kg7 72. g6 e2+ 73. Kxe2 Ra2+ 74. Kd3 Ra3+ 75. Kc4 Ra4+ 76. Kc5 Ra1 77. Kb6 Rb1+ 78. Kc7 Rc1+ 1/2-1/2

[Event "Camp. azerbagiano 2009"]
[Site "Baku AZE"]
[Date "2009.01.17"]
[Round "5"]
[White "Durarbeyli, Vasif"]
[Black "Mirzoev, Azer"]
[Result "1/2-1/2"]
[WhiteElo "2439"]
[BlackElo "2564"]
[PlyCount "99"]
[EventDate "2009.01.13"]
[Source "www.chesslib.no"]
[SourceDate "2004.05.04"]

1. e4 c6 2. d4 d5 3. exd5 cxd5 4. c4 Nf6 5. Nc3 e6 6. Nf3 Be7 7. cxd5 Nxd5 8. Bc4 O-O 9. O-O Nc6 10. Re1 Nf6 11. a3 b6 12. d5 Na5 13. Ba2 exd5 14. Nxd5 Nxd5 15. Qxd5 Be6 16. Qe4 Bxa2 17. Rxa2 Nb3 18. Qxe7 Qxe7 19. Rxe7 Nxc1 20. Ra1 Rfc8 21. g3 h6 22. Rb1 Rc5 23. Rd7 a5 24. Rd1 Rac8 25. b4 Rc3 26. bxa5 bxa5 27. Nd4 a4 28. Nb5 Rc2 29. Nd6 R8c7 30. Nb5 R7c5 31. Nd4 R2c3 32. Nb5 Rb3 33. Rbxc1 Rcxb5 34. Rc8+ Kh7 35. Ra8 Rxa3 36. Rd4 Rf3 37. Kg2 Rbf5 38. Rd2 Ra3 39. h4 h5 40. Ra7 g6 41. Re2 Kg7 42. Ra8 Ra1 43. Ra7 Ra3 44. Ra8 g5 45. hxg5 Rxg5 46. Re4 Rg4 47. Re7 Rg6 48. Re4 Rg4 49. Re7 Rg6 50. Re4 1/2-1/2

[Event "Suetin mem"]
[Site "?"]
[Date "2002.??.??"]
[Round "9"]
[White "Balashov Yuri S"]
[Black "Rychagov Andrey"]
[Result "1/2-1/2"]
[WhiteElo "2545"]
[BlackElo "2450"]
[PlyCount "26"]
[EventDate "2002.??.??"]
[Source "www.chesslib.no"]
[SourceDate "2004.05.04"]

1. d4 Nf6 2. c4 e6 3. Nc3 Bb4 4. e3 O-O 5. Nf3 c5 6. Bd3 d5 7. O-O cxd4 8. exd4 dxc4 9. Bxc4 Nc6 10. Bg5 Be7 11. a3 a6 12. Rc1 b5 13. Ba2 Bb7 1/2-1/2

[Event "Kislovodsk"]
[Site "Kislovodsk"]
[Date "1972.??.??"]
[Round "?"]
[White "Gurgenidze, Bukhuti I"]
[Black "Anikaev, Yuri N"]
[Result "1-0"]
[WhiteElo "2520"]
[BlackElo "2475"]
[PlyCount "77"]
[EventDate "1972.??.??"]
[Source "www.chesslib.no"]
[SourceDate "2004.05.04"]

1. c4 e6 2. Nf3 Nf6 3. e3 d5 4. a3 c5 5. d4 cxd4 6. exd4 dxc4 7. Bxc4 Be7 8. O-O Nc6 9. Nc3 O-O 10. Re1 a6 11. Ba2 b5 12. d5 exd5 13. Nxd5 Nxd5 14. Qxd5 Bb7 15. Qh5 Qd6 16. Bg5 Rad8 17. Bxe7 Nxe7 18. Ng5 Qg6 19. Qxg6 Nxg6 20. Nxf7 Rxf7 21. Rad1 Rxd1 22. Rxd1 Bc6 23. Rd6 Be8 24. Rxa6 Kf8 25. Bxf7 Kxf7 26. b3 Ke7 27. a4 bxa4 28. bxa4 Nf4 29. a5 Ne6 30. Rb6 Nc7 31. a6 Bf7 32. a7 Bd5 33. f4 Na8 34. Rb8 h5 35. Kf2 g6 36. h3 Kf6 37. g4 hxg4 38. hxg4 Be4 39. g5+ 1-0

[Event "Gran Canaria op"]
[Site "Las Palmas"]
[Date "1997.??.??"]
[Round "?"]
[White "Khenkin, Igor"]
[Black "Galego, Luis"]
[Result "0-1"]
[WhiteElo "2550"]
[BlackElo "2440"]
[PlyCount "100"]
[EventDate "1997.??.??"]
[Source "www.chesslib.no"]
[SourceDate "2004.05.04"]

1. d4 d5 2. c4 dxc4 3. Nf3 Nf6 4. e3 c5 5. Bxc4 e6 6. O-O cxd4 7. exd4 Be7 8. Nc3 O-O 9. a3 Nc6 10. Re1 Nd5 11. Bxd5 exd5 12. Qb3 Bf6 13. Be3 Ne7 14. Bg5 Bxg5 15. Nxg5 h6 16. Nf3 b6 17. Rac1 Bf5 18. Nb5 Ng6 19. Ne5 Nf4 20. Qf3 Qg5 21. h4 Qxh4 22. g3 Nh3+ 23. Kh2 Qf6 24. g4 Be4 25. Qxf6 gxf6 26. Nd7 Ng5 27. Kg3 Rfd8 28. Nxf6+ Kg7 29. Nh5+ Kh8 30. f4 Ne6 31. f5 Ng5 32. Rc6 Kh7 33. Nf6+ Kg7 34. Nh5+ Kh7 35. Rec1 Bd3 36. Nd6 Rxd6 37. Rxd6 Ne4+ 38. Kf4 Nxd6 39. Rc7 Kg8 40. Nf6+ Kf8 41. Nxd5 Rd8 42. Nf6 Ne8 43. Nxe8 Rxe8 44. Rc3 Be4 45. Rc7 Bd5 46. f6 Kg8 47. Re7 Rd8 48. Rxa7 Be6 49. Ra4 Kh7 50. Rb4 Kg6 0-1

[Event "ESP-chT Div 1"]
[Site "Cala Galdana"]
[Date "1999.11.14"]
[Round "7"]
[White "Spraggett, Kevin"]
[Black "Corral Blanco, Juan Antonio"]
[Result "1-0"]
[WhiteElo "2521"]
[BlackElo "2459"]
[PlyCount "117"]
[EventDate "1999.11.08"]
[Source "www.chesslib.no"]
[SourceDate "2004.05.04"]

1. c4 Nf6 2. Nf3 c5 3. Nc3 Nc6 4. e3 e6 5. d4 cxd4 6. exd4 Bb4 7. Bd3 d5 8. O-O dxc4 9. Bxc4 O-O 10. a3 Be7 11. Re1 b6 12. Bd3 Bb7 13. Bc2 Re8 14. Qd3 g6 15. Bg5 Nd5 16. h4 Rc8 17. Rad1 Na5 18. Ba4 Bc6 19. Bxc6 Nxc6 20. Ne4 Qc7 21. Rc1 Qb8 22. b4 f6 23. Bd2 Bf8 24. Qb5 Qb7 25. Rc2 a6 26. Qd3 Na7 27. Nc3 Nxc3 28. Rxc3 Rcd8 29. Rec1 Nb5 30. Rc6 Rd6 31. Rxd6 Nxd6 32. Bf4 Rc8 33. Re1 Kf7 34. Bxd6 Bxd6 35. Nd2 Be7 36. Qe2 Rc6 37. Nf3 Rd6 38. Rc1 Rc6 39. Ne5+ fxe5 40. Qf3+ Bf6 41. Qxc6 Qxc6 42. Rxc6 exd4 43. Rxb6 Bxh4 44. Rxa6 Ke7 45. Kf1 h5 46. Ke2 d3+ 47. Ke3 d2 48. Ra7+ Kf6 49. Rd7 e5 50. g3 Bg5+ 51. f4 exf4+ 52. gxf4 Ke6 53. Rxd2 Be7 54. Ke4 h4 55. Rg2 Kf6 56. Rg1 Kf7 57. Rg4 Kg7 58. Kf3 Kf7 59. Kg2 1-0